| 000 | 00614nam a2200169Ia 4500 | ||
|---|---|---|---|
| 999 |
_c2758 _d2758 |
||
| 003 | DO-SdBJH | ||
| 005 | 20180418012633.0 | ||
| 008 | 180414s9999 dr 000 0 spa d | ||
| 040 |
_aDO-SdBJH _bspa _cDO-SdBJH |
||
| 090 | _aDM PA 2008 | ||
| 110 | _aEscuela de Graduados de Educación Superior "General Juan Pablo Duarte y Diez" | ||
| 245 | 1 | 0 | _aPrograma académico 2008 |
| 260 | _aSanto Domingo, República Dominicana : Escuela de Graduados de Educación Superior "General Juan Pablo Duarte y Diez", 2008 | ||
| 300 | _a64 páginas en varias paginaciones | ||
| 650 | 4 | _aPrograma académico | |
| 942 |
_2ddc _cBK |
||